Squella.
Spremljeno u:
| Glavni autor: | |
|---|---|
| Daljnji autori: | |
| Format: | Knjiga |
| Izdano: |
Valparaíso, Chile:
Edeval, udp Facultad de Derecho, Universidad de Valparaíso,
2019,
|
| Izdanje: | Primera edición |
| Teme: | |
| Oznake: |
Dodaj oznaku
Bez oznaka, Budi prvi tko označuje ovaj zapis!
|
MARC
| LEADER | 00000nam a22000007a 4500 | ||
|---|---|---|---|
| 003 | CL-VaPUC | ||
| 005 | 20240103152808.0 | ||
| 008 | 230728t2019 ||||| |||| 00| 0 eng d | ||
| 999 | |c 441435 |d 441433 | ||
| 020 | |a 978-956-200-127-4 | ||
| 040 | |c Pontificia Universidad Católica de Valparaíso | ||
| 082 | 0 | 4 | |2 22 |a 340.1 ARR 2019 |
| 100 | 1 | |a Arriagada Cáceres, María Beatriz |e editora |9 883937 | |
| 245 | 1 | 0 | |a Squella. |
| 250 | |a Primera edición | ||
| 260 | |a Valparaíso, Chile: |b Edeval, |b udp Facultad de Derecho, Universidad de Valparaíso, |c 2019, | ||
| 300 | |a 614 páginas. | ||
| 500 | |a c.1 Donación Bib. Derecho UV. Memo 023/2023 | ||
| 505 | |a TESTIMONIOS ENRIQUE BARROS / Agustín Squella, un soñador amable y cultivado ANTONIO BASCUÑÁN VÁLDÉS / Testimonio en homenaje a don Agustín Squella JORGE CORREA / Agustín y las palabras EUSEBIO FERNÁNDEZ / Agustín squella: el empeño por una legalidad justa JOAQUÍN GARCÍA HUIDOBRO / La vida en sepia ABEL GONZÁLEZ / Puntos de encuentro RICARDO LAGOS / Agustín Squella JORGE MERA / Agustín, un ciudadano con opinión VLADO MIROSEVIC / Sobre Agustín Squella, el maestro FERNANDO MONTES / Yo no, pero FRANCISCO MOUAT /Filosofía a la intemperie ERNESTO OTTONE / Un hombre con un maletín INÉS ROBLES / Al maestro, con cariño HÉCTOR SOTO / El amigo excepcional RAÚL TAVOLARI / Agustín Squella: superando el medio siglo de amistad ALDO VALLE / Singularidad intelectual de AGUSTÍN SQUELLA IGNACIO VÁSQUEZ / Un liberal llamado Agustín Squella ARTÍCULOS DANIELA ACCATINO / Por una comunidad viva de diálogo creador: Agustín Squella y la sociedad chilena de filosofía jurídica y social MARÍA BEATRIZ ARRIAGADA / El cuasikelsenianismo de Agustín Squella MANUEL ATIENZA / El positivismo jurídico de Agustín Squella FERNANDO ATRIA / El derecho y el concepto de lo político JAIME BASSA / Las limitaciones políticas y epistémicas del discurso jurídico de los derechossociales RODRIGO COLOMA / Cuestiones de pedagogía agustiniana. O Agustín Squella y la enseñanza del derecho DIEGO DUQUELSKY / Yo soy un jurista crítico ¿y don agustín? RODOLFO FIGUEROA / ¿Cree usted en dios? Yo no, pero… SEBASTIÁN FIGUEROA / Coercibilidad, deberes y autonomía. Sobre el tratamiento de la normatividad del derecho en la obra de Agustín Squella Narducci JOSÉ LUIS GUZMÁN / Noción y problemas de la filosofía jurídico-penal JORGE LARROUCAU / La sala de clases según Agustín Squella MARCELO MONTERO / Por sus frutos los conoceréis. Un alegato contra la iglesia católica y algo más (o algo menos) CARLOS NAVIA / Educación de las emociones y fortalecimiento de la convivencia democrática: análisis crítico de la propuesta de Martha Nussbaum CLAUDIO OLIVA / El liberal socialismo de Agustín Squella. Mirada crítica de un liberal ANDRÉS OLLERO / El modelo español: libertad religiosa e igualdad consiguiente CARLOS PEÑA / ¿Es correcto el relativismo? RICARDO SALAS / Agustín Squella no cree en dios LUCAS SIERRA / Agustín Squella: el jurista en dos películas CHRISTIAN VIERA / El columnista Agustín Squella LUIS VILLAVICENCIO Y ALEJANDRA ZÚÑIGA / ¿Es liberal Squella? Sí, pero… DISCURSO AGUSTÍN SQUELLA / ¿Qué he aprendido enseñando filosofía del derecho? | ||
| 583 | |c 20230728 |k Catalogador Asistente | ||
| 600 | |a Squella Narducci, Agustín |d 1944- |x Homenajes |9 884120 | ||
| 650 | 1 | |a Filosofía del derecho |9 884121 | |
| 700 | |a Navia Canales, Carlos |e editor |9 883938 | ||
| 942 | |2 ddc |c BK | ||
| 952 | |0 0 |1 0 |2 ddc |4 0 |6 340_100000000000000_ARR_2019 |7 0 |8 A |9 590996 |a BIBDER |b BIBDER |d 2023-07-28 |e Donación |i 5658181 |o 340.1 ARR 2019 |p 5658181 |r 2023-07-28 |t 1 |w 2023-07-28 |y BK |k DER | ||